Statystyki dla Nazwij pasujące państwo #1

Kliknij tutaj aby rozwiązać quiz!

Ogólne statystyki

  • Ten quiz został rozwiązany 57 razy
  • Średni wynik to 10 z 12

Statystyki odpowiedzi

Nazwij państwo...Państwo% Poprawnych
którego nazwa kończy się na ''bia''Gambia | Kolumbia | Libia | Namibia | Serbia | Zambia
96%
które należy do NATO, ale nie leży w EuropieKanada | Stany Zjednoczone | Turcja
96%
którego nazwa zaczyna się na ''E''Egipt | Ekwador | Erytrea | Estonia | Etiopia | Eswatini
93%
które leży w Europie i jest wyspiarskieIrlandia | Islandia | Malta | Wielka Brytania
93%
którego nazwa zaczyna się na literę, na którą nie
zaczyna się nazwa żadnego innego państwa
Łotwa | Oman | Vanuatu
93%
przez które przepływa DunajAustria | Bułgaria | Chorwacja | Mołdawia | Niemcy |
Serbia | Słowacja | Węgry | Ukraina
91%
całkowicie otoczone przez inne państwoLesotho | San Marino | Watykan
91%
które ma tereny w HimalajachAfganistan | Bhutan | Chiny | Indie | Nepal | Pakistan
87%
leżące nad Oceanem ArktycznymDania | Irlandia | Kanada | Norwegia | Rosja |
Stany Zjednoczone
84%
które graniczy z TunezjąAlgieria | Libia
78%
która ma literę ''q'' w swojej angielskiej nazwieIrak | Katar | Gwinea Równikowa | Mozambik
71%
na którym leży pustynia GobiChiny | Mongolia
60%

Rozkład punktacji

Percentyl według liczby udzielonych odpowiedzi

Procent ludzi z każdym wynikiem

Twoja historia wyników

Nie rozwiązałeś tego quizu